Research institution in Japan : A report on the status of reasearch institutions and thier activities

Salvato in:
Dettagli Bibliografici
Natura: Libro
Lingua:Undetermined
Pubblicazione: Tokyo Japan center for International Exchange 1973
Soggetti:
Tags: Aggiungi Tag
Nessun Tag, puoi essere il primo ad aggiungerne! !
Thư viện lưu trữ: Trung tâm Học liệu Trường Đại học Cần Thơ
LEADER 00543nam a2200181Ia 4500
001 CTU_104670
008 210402s9999 xx 000 0 und d
082 |a 016.952 
082 |b R432 
245 0 |a Research institution in Japan : 
245 2 |b A report on the status of reasearch institutions and thier activities 
260 |a Tokyo 
260 |b Japan center for International Exchange 
260 |c 1973 
650 |a Nhật Bản 
650 |x Thư mục 
904 |i Truc 
980 |a Trung tâm Học liệu Trường Đại học Cần Thơ